000 00751nam a2200229 a 4500
001 77660
003 BD-RjUL
005 20211209083016.0
008 201222s2020 bg ||||| |||| 00| 0 ben d
020 _a9789849489832
035 _a(BD-RjUL)77886
040 _aBD-RjUL
_beng
_cBD-RjUL
041 _aben
082 _223
_a891.441
_bKAK 2020
100 _aকরিম, মোঃ মাহমুদ
_9242780
245 1 0 _aকবিতা /
_cমোঃ মাহমুদ করিম
260 _aরংপুর :
_bপাতা প্রকাশ
_c২০২০
300 _a৫৫ পৃ.:
_bচিত্র;
_c২৮ সেমি.
650 _aবাংলা কবিতা
_9242781
650 _aBengali poetry
_9242782
942 _2ddc
_cBK
999 _c77660
_d77660